000 00826nam a2200241Ia 4500
003 OSt
005 20220926003330.0
006 a|||||r|||| 00| 0
007 ta
008 220923b |||||||| |||| 00| 0 eng d
020 _a0195693795
_c531.25
037 _b93, 30/03/2010, Indu Book Services
_cGeneral Book
040 _aRTL
_cRTL
_beng
041 _2eng
_aeng
082 _aW:2Oa6.2, P9
100 _aKrishnaswamy Sudhir
_9307171
245 0 _aDemocracy and constitutionalism in India
_b A study of the basic structure doctrine.
260 _a New Delhi
_bOxford University Press
_c2009
300 _axxxiii, 244p. Bibliography: P 230-38
_ccm.
650 _aSociology
942 _hW:2Oa6.2, P9
_cGB
_2CC
999 _c607528
_d607528